| 000 | 00800nam a2200217Ii 4500 | ||
|---|---|---|---|
| 003 | JO-AjNU | ||
| 008 | 230605s9999||||xx |||||||||||||| ||und|| | ||
| 017 | _a1990/9/613 | ||
| 040 |
_aJO-AjNU _bara _erda _cJO-AjNU |
||
| 041 | _aara | ||
| 050 | 1 | 4 | _aKMM107.5.1990 |
| 100 | 3 |
_aاسماعيل، محمد حسين , _eauthor _946804 |
|
| 245 | 0 | 0 | _aالشركة القابضة وعلاقتها بشركاتها التابعة في مشروع قانون الشركات الأردني والقانون المقارن |
| 250 | _aط1 | ||
| 264 | 3 | 1 | _aمؤتة :جامعة مؤتة ، 1990 |
| 300 | _a136ص | ||
| 336 |
_atext _btxt _2rdacontent |
||
| 337 |
_aunmediated _bn _2rdamedia |
||
| 338 |
_avolume _bnc _2rdacarrier |
||
| 650 | 4 |
_aشركات تجارية -- قوانين -- الاردن _946805 |
|
| 999 |
_aA20388 _c23956 _d23956 |
||